Alfabeto con Cars - Statistics

Statistiche generali
  • Questo quiz è stato fatto 98 volte
  • Il punteggio medio è 15 su 26
Statistiche sulle risposte
Lettera Domanda Rispsta % Corretto
C Lo stato americano in cui si svolge la gara finale di Cars - Motori Ruggenti California
93%
B La macchina asfaltatrice usata da Saetta in Cars - Motori Ruggenti Bessie
86%
G Il meccanico di Saetta che parla solo in dialetto Guido
86%
F La barista che gestisce il V8 Cafe di Radiator Springs Flo
83%
H "Life is a ___", canzone di Cars - Motori Ruggenti Highway
83%
P Serie di due film della Disney ambientata nello stesso mondo di Cars Planes
78%
O Premio mai vinto da alcun film di Cars Oscar
75%
A Lo stato americano in cui molto probabilmente si trova Radiator Springs Arizona
71%
Q Regione del Canada in cui è uscita una versione francese a sé stante Quebec
70%
D Fratello di Rusty con cui ha fondato la Rusteze e poi venduta in Cars 3 Dusty
68%
S Pilota di Formula 1 che ha fatto un cameo in Cars - Motori Ruggenti Schumacher
68%
M Nome di Carl Attrezzi in lingua originale Mater
64%
T Il nome di Dinoco, proprietario dell'omonima azienda sponsor in Piston Cup Tex
63%
I Pino, doppiatore di Chick Hicks Insegno
61%
L Moglie di Stanley e auto più anziana residente a Radiator Springs Lizzie
61%
J Il nome di Lasseter, il regista dei primi due film di Cars John
59%
R Nome di un abitante di Radiator Springs Ramone | Red
58%
U Stato d'origine di Vladimir Trunkov, catorcio di Cars 2 Ucraina
47%
W Il cognome di Strip, soprannominato "Il Re" Weathers
42%
V Marito di Minny, insieme a cui si perde a Radiator Springs in Cars - Motori Ruggenti Van
41%
E Così era noto Carl Attrezzi quando era un torero El Cricchettero
29%
Z Il cognome del malvagio professore di Cars 2 Zündapp
28%
N Uno sponsor qualsiasi della Piston Cup Nitroade | N2O Cola | No Stall
20%
K Il rivale nipponico di Cricchetto in Cricchetto ninja-carro nervosetto Kabuto
18%
Y Canzone di Cars 2 che suona durante il viaggio verso Tokyo You might think
17%
X Serie di macchinine di piloti con livree particolari (drag, fango, rocket) Xtreme Racing Series
4%
Nessun quiz corrispondente trovato
Distribuzione punteggi
Percentuale di utenti per punteggio
Percentile per numero di risposta
I tuoi punteggi nel tempo
Non hai fatto questo quiz